| 000 | 01014ngm a22003370a 4500 | ||
|---|---|---|---|
| 001 | PT28955 | ||
| 003 | AR-LpoUNG | ||
| 005 | 20210202000426.0 | ||
| 007 | vd cvaizq | ||
| 008 | 191001s2004||||ag |||||||||||||||||spa d | ||
| 040 |
_aAR-LpoUNG _bspa _cAR-LpoUNG _eaacr |
||
| 041 | _aspa | ||
| 044 | _aag | ||
| 082 | 0 | _a303.3 124pre | |
| 100 | 1 |
_aRadford, Michael _edir. |
|
| 245 | 1 | 0 |
_aPremonición : _b1984 |
| 260 |
_aSan Luis : _bTranseuropa, _c[2004]. |
||
| 300 | _aVHS (115 min.) : son., col. | ||
| 505 | 0 | _adiálogos en inglés, subtítulos en castellano | |
| 520 | _aPelícula basada en el libro "1984" de Orwell: los individuos se ven reducidos a una masa indiscriminada bajo el yugo del totalitarismo encarnado por el Estado. | ||
| 650 | 4 | _aCOMPORTAMIENTO SOCIAL | |
| 650 | 4 | _aSOCIEDAD | |
| 650 | 4 | _aSOCIEDAD POSTINDUSTRIAL | |
| 651 | 4 | _aMundial | |
| 653 | _aCINE INGLES | ||
| 653 | _aORWELL, GEORGE | ||
| 653 | _aTOTALITARISMO | ||
| 653 | _aVIDEOS | ||
| 905 | _a28955 | ||
| 942 | _cVIDEO | ||
| 999 |
_c54822 _d54822 |
||